| 000 | 01168 a2200205 4500 | ||
|---|---|---|---|
| 003 | NUST | ||
| 005 | 20221219170814.0 | ||
| 010 | _a 96127940 | ||
| 020 | _a0195775724 | ||
| 040 | _cNust | ||
| 082 | 0 | 0 | _a342.95791,MAL |
| 100 | 1 |
_aMaluka, Zulfikar Khalid, _9105229 |
|
| 245 | 1 | 4 |
_aThe myth of constitutionalism in Pakistan / _cZulfikar Khalid Maluka. |
| 260 |
_aKarachi ; _bNew York : _bOxford University Press, _c1995. |
||
| 300 |
_axii, 362 p. ; _c23 cm. |
||
| 505 | _aIntroduction (Page-)1, Mainsprings Of Political Constitutionalism (Page-18), The Modern State And Constitutionalism (Page-43), Constitutional Imperative Of The Pakistan Movement (Page-82), Pakistan 1947-1958 (Page-118), Ayub Khan’s Authoritarianism 1958-1969(Page-170), Making Of The 1973 Constitution (Page-230), Zia Mutilates The 1973 Constitution (Page-255), Ghulam Ishaq Khan Subverts The Constitution (Page-277), Foundations Of A Successful Federation (Page-299), Pakistan 1947-1995 (Page-316). | ||
| 650 | 0 |
_aConstitutional history _zPakistan. _946331 |
|
| 856 | 4 | 2 |
_3Publisher description _uhttp://www.loc.gov/catdir/enhancements/fy0635/96127940-d.html |
| 942 |
_2ddc _cBK _k342.95791,MAL |
||
| 999 |
_c184866 _d184866 |
||